000 00664nam a2200205Ia 4500
001 16022
003 GE_BSU
008 181216s||||||||xx |||||||||||||| ||und||
040 _cGE_BSU
080 _a821.353.1-94
100 _aჯანელიძე, ალექსანდრე
245 _aმოგონებები
245 _cრედ.ლ.ფოფხაძე. მხ.ვ.გრიგოლია
260 _aთბილისი
260 _bსაბჭ. საქართველო
260 _c1971
300 _a162გვ. : ილ. 1 ფ. პორტრ. ; 20სმ
653 _aმოგონებები
942 _cBK
999 _c49113
_d49113